000 00442nam a2200181Ia 4500
001 2560
005 20260306144816.0
008 260306t2016||||xx |||||||||||||| ||spa||
041 _aESP
082 _a616.89142
_bV16 T. 1
100 _aVallejo Pareja, Miguel Ángel
_eAUT
245 0 _aManual de terapia de conducta
260 _c2016
300 _a850 páginas :
_c24 cm.
650 _aGEN
654 _aCPS
942 _cLIB
_dJUS
_fJUS
_2ddc
_n
999 _c2560
_d2560